LEADER 01397nam a2200277 i 4500 001 000000341242 003 CaOOAMICUS 005 20241028163316.0 008 200724s2020 it a u100 u mul u 020 $a978-88-6809-283-2 040 $aSeMil$bita 110 2 $aFondazione Centro italiano di studi sull'Alto Medioevo .$0(OLS)http://semarc/name/199 245 03$aLa conoscenza scientifica nell'Alto Medioevo /$c[Centro italiano di studi sull'Alto Medioevo, Spoleto]. 264 1$aSpoleto :$bCentro Italiano di studi sull'Alto Medioevo,$c2020. 300 $a2 v. :$bill. ;$e25 cm 490 1 $aAtti delle settimane di studio / Centro italiano di studi sull'alto Medioevo ;$v67 500 $aIn mezzo al front.: Spoleto, 25 aprile - 1° maggio 2019 650 4$aMedioevo - Scienza.$0(OLS)http://semarc/subject/56552 650 4$aScienza - Storia - Medioevo.$0(OLS)http://semarc/subject/56551 774 0 $tTomo 1.$w()341243 774 0 $tTomo 2.$w()341244 830 0$aAtti delle settimane di studio / Centro italiano di studi sull'alto Medioevo ;$v67.$0(OLS)http://semarc/title/305 996 $6020$a978-88-6809-283-2$9(OLS)http://semarc/number/290878 996 $6245$aLa conoscenza scientifica nell'Alto Medioevo$9(OLS)http://semarc/title/430278 996 $6264$aSpoleto :$bCentro Italiano di studi sull'Alto Medioevo$9(OLS)http://semarc/publisher/30994 LEADER 00855nam a2200205 i 4500 001 000000103770 003 CaOOAMICUS 005 20011012000000.0 008 011012s1949 it u000 u ita u 013 $a75951 040 $aSeMil$bita 245 10$aOpere :$bSR-Z. 300 $aXI, 935 p., [83] c. di tav., [62] p. di tav. :$bill. 650 4$aMovimenti letterari.$0(OLS)http://semarc/subject/11436 700 1 $aBompiani .$0(OLS)http://semarc/name/398 773 0 $tDizionario letterario Bompiani delle opere e dei personaggi di tutti i tempi e di tutte le letterature.$gVolume7$w()1193 773 0 $t[Dizionario Letterario Bompiani].$dMilano : Bompiani, 1947-1957.$w()6725 850 $aSeMil 852 $aSeMil$W1$xVenegono$y1$mSL1.C III 7$j60221$B60221$CSeMilBibl$Z2$F44680 $8I 996 $6245$aOpere :$bSR-Z$9(OLS)http://semarc/title/150595